Olympique Lyonnais - Tous les joueurs (2020-) - Statistiques

Statistiques générales
  • Ce quiz a été pris 730 fois
    432 depuis la dernière actualisation
  • Le résultat moyen est 39 sur 67
Statistiques - réponses
Saisons Nationalité Joueur Nb de matchs % Correct
2020- Portugal Anthony Lopes 136
99%
2022- France Alexandre Lacazette 62
96%
2020- France Rayan Cherki 107
90%
2022- France Corentin Tolisso 54
89%
2020-2023 Brésil Lucas Paqueta 67
89%
2020-2023 Algérie Houssem Aouar 82
88%
2022- Argentine Nicolas Tagliafico 58
88%
2020- France Maxence Caqueret 128
87%
2023- Irlande Jake O'Brien 25
85%
2020-2023 Cameroun Karl Toko Ekambi 84
85%
2020-2021 Pays-Bas Memphis Depay 37
85%
2023- Angola Clinton Mata 26
81%
2023- Croatie Duje Caleta-Car 22
81%
2023- Belgique Malick Fofana 15
81%
2020-2022, 2023-2024 Zimbabwe Tino Kadewere 60
81%
2020-2022 Brésil Bruno Guimaraes 53
80%
2023- Angleterre Ainsley Maitland-Niles 21
77%
2023- Ghana Ernest Nuamah 27
76%
2023- Serbie Nemanja Matic 13
76%
2022- Croatie Dejan Lovren 27
75%
2020-2022 Belgique Jason Denayer 46
74%
2020-2022 Côte d'Ivoire Maxwel Cornet 37
71%
2020-2021 Brésil Fernando Marçal 1
70%
2023- Nigeria Gift Orban 12
66%
2020-2021 Danemark Joachim Andersen 3
66%
2023- Algérie SaId Benrahma 11
66%
2021-2023 Allemagne Jérôme Boateng 32
62%
2020-2022 Brésil Marcelo 36
62%
2020-2023 France Moussa Dembélé 69
62%
2021-2022 Suisse Xherdan Shaqiri 11
61%
2020-2022 Algérie Islam Slimani 30
60%
2020- Côte d'Ivoire Sinaly Diomandé 65
60%
2022-2024 Suède Amin Sarr 16
59%
2021-2024 France Bradley Barcola 40
59%
2021-2022 Italie Emerson 29
59%
2020-2021 Italie Mattia de Sciglio 29
58%
2021- Brésil Henrique 35
57%
2020-2021 Pays-Bas Kenny Tete 1
57%
2022-2024 France Mamadou Sarr 2
57%
2023- Belgique Orel Mangala 6
57%
2021-2023 Brésil Tetê 26
57%
2023- Guinée-BIssau Mama Baldé 20
56%
2020-2023 Brésil Thiago Mendes 92
56%
2020-2023 France Malo Gusto 53
55%
2021-2023 France Castello Lukeba 58
54%
2020-2022 France Léo Dubois 60
54%
2022- France Saël Kumbedi 29
53%
2022- France Johann Lepenant 29
46%
2023- Brésil Adryelson 2
42%
2020-2021 Brésil Jean Lucas 8
41%
2022-2024 Brésil Jeffinho 19
41%
2023- Côte d'Ivoire Paul Akouokou 8
41%
2023- France Mahamadou Diawara 10
39%
2022-2024 France Rémy Riou 10
38%
2020-2023 France Jeff Reine-Adélaïde 25
37%
2022- France Mohamed El Arouch 2
37%
2023-2024 Portugal Diego Moreira 7
35%
2020-2021 Algérie Djamel Benlamri 6
32%
2021-2022 France Tanguy Ndombele 11
32%
2021-2023 France Damien da Silva 24
27%
2020-2021 France Florent da Silva 1
27%
2023-2024 France Skelly Alvero 8
24%
2020-2021 France Melvin Bard 14
22%
2021-2023 France Romain Faivre 24
21%
2023- Tunisie Chaïm El Djebali 1
18%
2020-2022 Mali Habib Keïta 4
13%
2020-2021 France Yaya Soumaré 3
6%
Aucun quiz correspondant
Distribution des résultats
% des personnes avec chaque résultat
Percentile par nombre de réponses
Votre historique - résultats
Vous n’avez pas pris ce quiz depuis la dernière actualisation